[Event "2.ligaD04/05-1"]
[Site "?"]
[Date "????.??.??"]
[Round "?"]
[White "Holemar, David"]
[Black "Tikovsky, Alexandr"]
[Result "1-0"]
[WhiteElo "2326"]
[BlackElo "2205"]
[PlyCount "131"]
[EventDate "2004.10.19"]

1. Nf3 d5 2. g3 c5 3. Bg2 Nc6 4. O-O Nf6 5. d3 g6 6. Nbd2 Bg7 7. e4 O-O 8. Re1
e5 9. a3 d4 10. Rb1 Ne8 11. b4 cxb4 12. axb4 Nd6 13. b5 Na5 14. Ba3 Re8 15. Qc1
a6 16. bxa6 bxa6 17. Bxd6 Qxd6 18. c4 Nb7 19. Re2 Nc5 20. Qa3 Bf8 21. Ne1 Qd7
22. Ra1 Rb8 23. Qa2 Bb7 24. Nb3 Nxb3 25. Qxb3 Bxe4 26. Qa2 Bxg2 27. Nxg2 Re6
28. Qa5 Qe8 29. Qd5 Rb3 30. Ne1 Bb4 31. Nf3 Rxd3 32. Rxe5 Rxf3 33. Rxe6 Qxe6
34. Qxf3 a5 35. c5 Qc4 36. c6 d3 37. c7 Qxc7 38. Qxd3 Qc3 39. Qxc3 Bxc3 40. Rc1
Bb4 41. Rc8+ Kg7 42. Ra8 Kf6 43. Ra7 h5 44. Kf1 Ke6 45. Ke2 Kf6 46. f3 g5 47.
Kd3 Kg6 48. Ke4 Bc3 49. Kd3 Be1 50. Ke2 Bb4 51. Ra8 Kf5 52. Ke3 Be1 53. Rh8 Kg6
54. Ke4 Bc3 55. Rg8+ Kf6 56. Rc8 Bd2 57. Rc6+ Kg7 58. Kf5 h4 59. gxh4 gxh4 60.
Kg4 Be1 61. Rc1 Bb4 62. Rc4 Be1 63. Re4 Bf2 64. Re5 Kg6 65. Rg5+ Kf6 66. Rxa5
1-0

[Event "2.ligaD04/05-1"]
[Site "?"]
[Date "????.??.??"]
[Round "?"]
[White "Spodny, Josef"]
[Black "Nehybka, Jiri"]
[Result "1/2-1/2"]
[WhiteElo "2151"]
[BlackElo "2190"]
[PlyCount "38"]
[EventDate "2004.10.19"]

1. e4 e5 2. Nf3 Nc6 3. Bb5 a6 4. Ba4 Nf6 5. O-O Nxe4 6. d4 b5 7. Bb3 d5 8. Nxe5
Nxe5 9. dxe5 c6 10. c3 Bc5 11. Nd2 Nxd2 12. Bxd2 Bf5 13. Qf3 Bg6 14. Be3 Qb6
15. Bxc5 Qxc5 16. Rfe1 O-O 17. Qe3 Qxe3 18. Rxe3 Rfe8 19. f3 Kf8 1/2-1/2

[Event "2.ligaD04/05-1"]
[Site "?"]
[Date "????.??.??"]
[Round "?"]
[White "Skacelik, Petr"]
[Black "Cap, Martin"]
[Result "1/2-1/2"]
[WhiteElo "2250"]
[BlackElo "2059"]
[PlyCount "100"]
[EventDate "2004.10.19"]

1. d4 Nf6 2. c4 g6 3. Nc3 Bg7 4. e4 d6 5. f3 Nbd7 6. Be3 c6 7. Qd2 e5 8. Nge2
a6 9. O-O-O Qa5 10. Kb1 O-O 11. Nc1 Re8 12. Nb3 Qc7 13. dxe5 dxe5 14. c5 Nf8
15. Bc4 Be6 16. Qe2 Rad8 17. Na4 Bxc4 18. Qxc4 Rxd1+ 19. Rxd1 Rd8 20. Rxd8 Qxd8
21. Kc2 Ne6 22. Qb4 Qc7 23. Na5 Nd8 24. Qb6 Ne8 25. Qxc7 Nxc7 26. Nb6 Nce6 27.
Nac4 Bf8 28. b4 f6 29. Kd3 Kf7 30. Na5 Nf4+ 31. Bxf4 exf4 32. Kc4 Ke6 33. a4 h5
34. b5 axb5+ 35. axb5 g5 36. Na4 g4 37. Nb2 f5 38. exf5+ Kxf5 39. Nd3 Bg7 40.
bxc6 bxc6 41. Nb4 h4 42. Naxc6 Nxc6 43. Nxc6 h3 44. gxh3 g3 45. hxg3 fxg3 46.
Ne7+ Kf4 47. c6 g2 48. c7 g1=Q 49. c8=Q Qc1+ 50. Kd5 Qxc8 1/2-1/2

[Event "2.ligaD04/05-1"]
[Site "?"]
[Date "????.??.??"]
[Round "?"]
[White "Novy, Martin"]
[Black "Cagasik, Tomas"]
[Result "1-0"]
[WhiteElo "2152"]
[BlackElo "2254"]
[PlyCount "45"]
[EventDate "2004.10.19"]

1. d4 d5 2. Nf3 Bf5 3. Bg5 f6 4. Bf4 c5 5. e3 Nc6 6. c4 Nb4 7. Qa4+ b5 8. cxb5
Nc2+ 9. Kd2 Nxa1 10. b6+ Bd7 11. Bb5 Qxb6 12. Bxd7+ Kf7 13. Qb5 cxd4 14. Nxd4
g5 15. Be6+ Kg7 16. Bg3 h5 17. h3 h4 18. Bh2 Nh6 19. Nc3 Nf7 20. Rxa1 Nd6 21.
Bxd6 exd6 22. Qd7+ Kh6 23. Nf5+ 1-0

[Event "2.ligaD04/05-1"]
[Site "?"]
[Date "????.??.??"]
[Round "?"]
[White "Moulis, Mojmir"]
[Black "Binder, Jaroslav"]
[Result "1/2-1/2"]
[WhiteElo "2106"]
[BlackElo "1987"]
[PlyCount "69"]
[EventDate "2004.10.19"]

1. e4 e5 2. Nf3 Nc6 3. Bb5 a6 4. Ba4 d6 5. c3 f5 6. exf5 Bxf5 7. d4 e4 8. d5
exf3 9. dxc6 b5 10. Bb3 fxg2 11. Rg1 Nf6 12. Bg5 Qe7+ 13. Qe2 Qxe2+ 14. Kxe2
Be4 15. a4 Bxc6 16. axb5 axb5 17. Na3 Ne4 18. Be3 Be7 19. f3 Ng5 20. Bxg5 Bxg5
21. Rxg2 Bf6 22. Re1 O-O-O 23. Rf1 b4 24. cxb4 Bxb2 25. Nc4 Bf6 26. Rc1 Bb5 27.
Kf2 Bd4+ 28. Kg3 Rhf8 29. Rgc2 Kb8 30. Na3 c6 31. Nxb5 cxb5 32. Bd5 Rd7 33. Ra2
Ra7 34. Rxa7 Kxa7 35. Rc7+ 1/2-1/2

[Event "2.ligaD04/05-1"]
[Site "?"]
[Date "????.??.??"]
[Round "?"]
[White "Sedlacek, Petr"]
[Black "Simbera, Jiri"]
[Result "1-0"]
[WhiteElo "1987"]
[BlackElo "2097"]
[PlyCount "115"]
[EventDate "2004.10.19"]

1. e4 c6 2. d4 d5 3. e5 Bf5 4. Bd3 Bxd3 5. Qxd3 e6 6. Be3 Qa5+ 7. Nd2 Ne7 8.
Ne2 Qa6 9. Qxa6 Nxa6 10. c3 Nf5 11. b4 b6 12. O-O h5 13. Ng3 g6 14. Nxf5 gxf5
15. Bg5 Rg8 16. h4 Kd7 17. Rab1 Nc7 18. Rb3 a5 19. bxa5 b5 20. a4 Rxa5 21. axb5
cxb5 22. Rfb1 Bg7 23. Nf3 Rga8 24. Ne1 Ra1 25. Nd3 Rxb1+ 26. Rxb1 Kc6 27. Nf4
Rh8 28. Ra1 Kb7 29. g3 Bh6 30. Bf6 Rh7 31. Nd3 Bf8 32. Bd8 Kc8 33. Bxc7 Kxc7
34. Ra8 Bh6 35. Kf1 Kb7 36. Ra2 Bf8 37. Ke2 Be7 38. Ra5 Kb6 39. Ra8 Kb7 40. Re8
Ba3 41. Kd2 Kc7 42. Kc2 Kd7 43. Ra8 Be7 44. Ra7+ Ke8 45. Rb7 Bf8 46. Rxb5 Bh6
47. Rb7 Kf8 48. Nc5 Rh8 49. f4 Kg8 50. Rb8+ Kh7 51. Rxh8+ Kxh8 52. Nd7 Kg7 53.
Kb3 Kg6 54. Kb4 Bg7 55. Kc5 f6 56. exf6 Bxf6 57. Nxf6 Kxf6 58. Kd6 1-0

[Event "2.ligaD04/05-1"]
[Site "?"]
[Date "????.??.??"]
[Round "?"]
[White "Kucera, Vladislav"]
[Black "Sladek, Vladislav"]
[Result "0-1"]
[WhiteElo "2053"]
[BlackElo "1972"]
[PlyCount "100"]
[EventDate "2004.10.19"]

1. e4 d5 2. exd5 Qxd5 3. Nc3 Qa5 4. d4 Nf6 5. Nf3 Bf5 6. Ne5 c6 7. Bd3 Bxd3 8.
Qxd3 e6 9. Bd2 Nbd7 10. f4 Bb4 11. Nxd7 Nxd7 12. Ne4 Bxd2+ 13. Qxd2 Qd5 14. Nc3
Qh5 15. Qe2 Qxe2+ 16. Kxe2 Nf6 17. Kf3 O-O-O 18. Rad1 Rd7 19. g4 Rhd8 20. Ne2
c5 21. c3 Kc7 22. Rd3 Kc6 23. h4 h5 24. g5 Ng4 25. Kg3 g6 26. Rf3 c4 27. Re1 b5
28. a3 a5 29. Nc1 b4 30. axb4 axb4 31. Na2 bxc3 32. bxc3 Ra8 33. Nb4+ Kd6 34.
Rd1 Rda7 35. Nc2 Ra2 36. Nb4 R2a7 37. d5 Ra1 38. Rxa1 Rxa1 39. dxe6 Rg1+ 40.
Kh3 Rh1+ 41. Kg3 Rg1+ 42. Kh3 Kxe6 43. Nc6 Kd5 44. Nd4 Ke4 45. f5 Rd1 46. fxg6
fxg6 47. Rg3 Rd2 48. Rxg4+ hxg4+ 49. Kxg4 Rxd4 50. cxd4 c3 0-1

[Event "2.ligaD04/05-1"]
[Site "?"]
[Date "????.??.??"]
[Round "?"]
[White "Zejda, Karel"]
[Black "Komprda, Pavel"]
[Result "0-1"]
[WhiteElo "1814"]
[BlackElo "2090"]
[PlyCount "50"]
[EventDate "2004.10.19"]

1. d4 Nf6 2. Bg5 Ne4 3. Bh4 d5 4. Nf3 c6 5. Nbd2 Qb6 6. Rb1 Bf5 7. e3 e6 8. a3
Nd7 9. Be2 c5 10. dxc5 Bxc5 11. Nb3 Rc8 12. Nfd4 Bg6 13. O-O O-O 14. Nxc5 Ndxc5
15. f3 Nd6 16. Be7 Rfe8 17. Bxd6 Qxd6 18. Nb5 Qb6 19. Rc1 a6 20. b4 Na4 21. Nd4
e5 22. c4 exd4 23. Qxa4 d3 24. c5 Qe6 25. Bd1 Qxe3+ 0-1

[Event "2.ligaD04/05-1"]
[Site "?"]
[Date "2004.10.17"]
[Round "2.2"]
[White "Vecera, Pavel"]
[Black "Skaroupka, Jiri"]
[Result "0-1"]
[WhiteElo "2175"]
[BlackElo "2136"]
[PlyCount "120"]
[EventDate "2004.10.19"]

1. e4 c6 2. d4 d5 3. exd5 cxd5 4. c4 Nf6 5. Nc3 Nc6 6. cxd5 Nxd5 7. Nf3 Bg4 8.
Qb3 Bxf3 9. gxf3 e6 10. Qxb7 Nxd4 11. Bb5+ Nxb5 12. Qc6+ Ke7 13. Qxb5 Qd7 14.
Nxd5+ Qxd5 15. Qxd5 exd5 16. Be3 Ke6 17. Rc1 Be7 18. Ke2 Bf6 19. Rc6+ Kf5 20.
Rd1 Rhd8 21. b3 d4 22. Rc5+ Ke6 23. Bf4 Rac8 24. Rdc1 Rxc5 25. Rxc5 d3+ 26. Kd2
Be7 27. Re5+ Kf6 28. Re4 Rd5 29. Be3 a5 30. Bd4+ Kg6 31. Kxd3 Bf6 32. Kc4 Rf5
33. Rg4+ Kh6 34. Bxf6 Rxf6 35. f4 Rd6 36. a3 f5 37. Rg2 g6 38. b4 axb4 39. axb4
Rd2 40. b5 Kh5 41. Rg3 Rxf2 42. b6 Rxf4+ 43. Kc5 Re4 44. b7 Re8 45. Rh3+ Kg4
46. Rxh7 f4 47. h4 f3 48. Rf7 Kg3 49. Kc6 f2 50. Rf6 Rg8 51. Kc7 Kg2 52. b8=Q
Rxb8 53. Kxb8 f1=Q 54. Rxf1 Kxf1 55. Kc7 Kf2 56. Kd6 Kg3 57. Ke5 Kxh4 58. Kf4
g5+ 59. Kf3 Kh3 60. Kf2 g4 0-1

[Event "2.ligaD04/05-1"]
[Site "?"]
[Date "2004.10.17"]
[Round "2.3"]
[White "Molik, Zdenek"]
[Black "Siebenburger, Vlastimil"]
[Result "1-0"]
[WhiteElo "2203"]
[BlackElo "2196"]
[PlyCount "181"]
[EventDate "2004.10.19"]

1. e4 c5 2. Nf3 Nc6 3. Bb5 g6 4. O-O Bg7 5. Re1 Nf6 6. c3 O-O 7. d4 cxd4 8.
cxd4 d5 9. e5 Ne4 10. Nc3 Nxc3 11. bxc3 Na5 12. h3 a6 13. Bf1 Bd7 14. Bg5 h6
15. Bf4 Rc8 16. Rc1 Nc4 17. Qb3 Bb5 18. Nd2 Nxd2 19. Bxd2 Bxf1 20. Rxf1 b5 21.
f4 e6 22. g4 Rc6 23. Rf3 f5 24. exf6 Qxf6 25. Rcf1 Rc4 26. Kg2 b4 27. Qb1 bxc3
28. Bxc3 Rfc8 29. Qe1 h5 30. f5 hxg4 31. hxg4 gxf5 32. gxf5 exf5 33. Qg3 Qc6
34. Rc1 Qc7 35. Qe1 f4 36. Qh4 Rc6 37. Qg5 Qd6 38. Kf2 Rd8 39. Bb4 Qf6 40. Qxf6
Rxf6 41. Be7 Rdf8 42. Bxf8 Rxf8 43. Rd3 Rb8 44. Rc2 Rb4 45. Rcd2 Kf7 46. Kf3
Kf6 47. Rb3 Rxb3+ 48. axb3 Kf5 49. Ra2 Bxd4 50. Rxa6 Bc3 51. Rc6 Bd2 52. Rc2
Be3 53. b4 Ke5 54. Rc8 d4 55. Rd8 Bd2 56. b5 Ba5 57. Ra8 Bc7 58. Ra7 Kd6 59.
Ra6+ Kd7 60. Ke4 Kc8 61. Kxd4 Kb7 62. Rf6 Bb6+ 63. Kc4 Be3 64. Kd5 Kc7 65. Kc4
Kb7 66. Kb4 Ka7 67. Rf7+ Kb6 68. Kc4 Bd2 69. Rd7 Be3 70. Rd3 Kb7 71. Kb4 Bf2
72. Rd1 Kb6 73. Kc4 Kb7 74. Rd6 Ka7 75. Kd5 Kb7 76. Re6 Be3 77. Rf6 Kc7 78. Kc4
Kb7 79. Rf7+ Kb6 80. Rf8 Kb7 81. Rf6 Ka7 82. Kd3 Kb7 83. Ke4 Kc7 84. Rc6+ Kb7
85. Rf6 Kc7 86. Kd5 Kb7 87. Kc4 Ka7 88. Kb4 Bd2+ 89. Kc5 Kb7 90. Rf7+ Kb8 91.
Kc6 1-0

[Event "2.ligaD04/05-1"]
[Site "?"]
[Date "2004.10.17"]
[Round "2.4"]
[White "Vasut, Karel"]
[Black "Vlk, Miroslav"]
[Result "0-1"]
[WhiteElo "2136"]
[BlackElo "2115"]
[PlyCount "140"]
[EventDate "2004.10.19"]

1. b4 e5 2. Bb2 d6 3. e3 Nf6 4. c4 g6 5. Be2 Bg7 6. Nc3 O-O 7. Nf3 Nbd7 8. d4
a5 9. a3 b6 10. O-O Bb7 11. Qc2 Re8 12. Rad1 exd4 13. Nxd4 axb4 14. axb4 Ne4
15. Bf3 Nxc3 16. Bxc3 Bxf3 17. Nxf3 Bxc3 18. Qxc3 Qf6 19. Nd4 Ra2 20. Rd2 Rxd2
21. Qxd2 Ra8 22. h3 Nf8 23. f4 Ne6 24. f5 Nxd4 25. fxg6 Qxg6 26. exd4 Ra3 27.
h4 Rd3 28. Qf4 h5 29. Kh2 Qg7 30. Qf5 Rxd4 31. Qc8+ Kh7 32. Qxc7 Rxh4+ 33. Kg1
Qd4+ 34. Rf2 Qd1+ 35. Rf1 Qd4+ 36. Rf2 Qd1+ 37. Rf1 Rh1+ 38. Kxh1 Qxf1+ 39. Kh2
Qf4+ 40. Kh1 Qf1+ 41. Kh2 Qf4+ 42. Kh1 Qh4+ 43. Kg1 Qd4+ 44. Kh2 Kg6 45. Qc8
Qh4+ 46. Kg1 Qe1+ 47. Kh2 Qxb4 48. Qg8+ Kf6 49. Qh8+ Ke7 50. Qxh5 Qxc4 51. Qg5+
Kd7 52. Qf5+ Kc7 53. Qf6 b5 54. Qe7+ Kc6 55. Qe8+ Kc5 56. Qc8+ Kb4 57. Qd7 Qh4+
58. Kg1 Qe1+ 59. Kh2 Qe5+ 60. Kh1 f5 61. Qc7 Kb3 62. Qc6 b4 63. Qf3+ Ka2 64.
Qf2+ Qb2 65. Qa7+ Kb1 66. Qa5 Qc1+ 67. Kh2 Qf4+ 68. Kh1 b3 69. g3 Qe4+ 70. Kh2
b2 0-1

[Event "2.ligaD04/05-1"]
[Site "?"]
[Date "2004.10.17"]
[Round "2.5"]
[White "Dobes, Oldrich"]
[Black "Carbol, Jaroslav"]
[Result "1/2-1/2"]
[WhiteElo "2066"]
[BlackElo "2095"]
[PlyCount "67"]
[EventDate "2004.10.19"]

1. e4 c5 2. Nf3 d6 3. d4 cxd4 4. Nxd4 Nf6 5. Nc3 a6 6. Bd3 e6 7. a4 Be7 8. O-O
O-O 9. Nb3 b6 10. Be3 Nbd7 11. f4 Bb7 12. Qe2 Nc5 13. e5 Nd5 14. Nxc5 dxc5 15.
Rad1 Qe8 16. Nxd5 Bxd5 17. Bxa6 Qxa4 18. Bb5 Qe4 19. Bd3 Qa4 20. Bb5 Qe4 21.
Bd3 Qa4 22. b3 Qa7 23. Qh5 g6 24. Qh3 Qb7 25. Bd2 Be4 26. Bc3 Rfd8 27. Rfe1
Bxd3 28. Rxd3 b5 29. Red1 c4 30. Rxd8+ Rxd8 31. Rxd8+ Bxd8 32. Qe3 cxb3 33.
cxb3 Qd5 34. Bd4 1/2-1/2

[Event "2.ligaD04/05-1"]
[Site "?"]
[Date "2004.10.17"]
[Round "2.6"]
[White "Pavlis, Jaromir"]
[Black "Mlensky, Dalibor"]
[Result "1/2-1/2"]
[WhiteElo "2093"]
[BlackElo "2109"]
[PlyCount "25"]
[EventDate "2004.10.19"]

1. d4 d6 2. Nf3 Bg4 3. e3 Nd7 4. Be2 Ngf6 5. O-O e5 6. Nc3 c6 7. h3 Bh5 8. Nh2
Bxe2 9. Qxe2 Be7 10. dxe5 dxe5 11. e4 O-O 12. Ng4 Qc7 13. Bg5 1/2-1/2

[Event "2.ligaD04/05-1"]
[Site "?"]
[Date "2004.10.17"]
[Round "2.7"]
[White "Fojtik, Tomas"]
[Black "Riha, Otmar"]
[Result "1-0"]
[WhiteElo "2054"]
[BlackElo "1993"]
[PlyCount "89"]
[EventDate "2004.10.19"]

1. d4 c5 2. d5 g6 3. c4 e5 4. Nc3 d6 5. Nf3 h5 6. e4 Bh6 7. Bd3 Bxc1 8. Qxc1 a6
9. a3 Nd7 10. b4 Kf8 11. Qe3 Kg7 12. O-O b6 13. Rab1 Nh6 14. h3 Qe7 15. Na4 Rb8
16. bxc5 bxc5 17. Bc2 a5 18. Nd2 Ba6 19. Qc3 Qd8 20. Rxb8 Nxb8 21. Nb3 g5 22.
f4 Nd7 23. fxe5 Nxe5 24. Nxa5 f6 25. Nb2 h4 26. Ba4 Nhf7 27. Bb5 Bc8 28. Nb3 g4
29. hxg4 Bxg4 30. Nd3 h3 31. Nxe5 h2+ 32. Kh1 fxe5 33. Qg3 Qg5 34. Bd7 Rh4 35.
Nd2 Kg6 36. Bxg4 Rxg4 37. Qf2 Rf4 38. Nf3 Qh5 39. g3 Rxe4 40. Nh4+ Kg7 41. Qf6+
Kg8 42. Ng6 Qh7 43. Nh8 Rg4 44. Nxf7 Qe4+ 45. Kxh2 1-0

[Event "2.ligaD04/05-1"]
[Site "?"]
[Date "2004.10.17"]
[Round "2.8"]
[White "Oburka, Vladislav"]
[Black "Svoboda, Antonin"]
[Result "0-1"]
[WhiteElo "1831"]
[BlackElo "1862"]
[PlyCount "82"]
[EventDate "2004.10.19"]

1. e4 d6 2. d4 Nf6 3. Nc3 g6 4. f4 Bg7 5. Nf3 O-O 6. Bd3 c5 7. dxc5 dxc5 8. O-O
Qb6 9. Kh1 Be6 10. Qe2 Nc6 11. h3 Nh5 12. Qe1 Nb4 13. e5 Nxd3 14. cxd3 Bh6 15.
Ne2 Rfd8 16. Qc3 Qb5 17. Rd1 a5 18. Be3 Rac8 19. b3 b6 20. Rd2 Qc6 21. Kh2 Bd5
22. Rf1 Ng7 23. Ng3 Ne6 24. Ne2 Nc7 25. Qc1 Qb5 26. Nc3 Qb4 27. Rdd1 Bc6 28.
Ng1 Nd5 29. Nxd5 Rxd5 30. Qc4 Rcd8 31. Qxb4 axb4 32. d4 cxd4 33. Bd2 Ra5 34.
Bxb4 Rxa2 35. Bxe7 Rxg2+ 36. Kh1 Rf2+ 37. Nf3 Bxf3+ 38. Kg1 Rg2+ 39. Kh1 Rd2+
40. Kg1 Rxd1 41. Bxd8 b5 0-1

[Event "2.ligaD04/05-1"]
[Site "?"]
[Date "????.??.??"]
[Round "?"]
[White "Kavan, Zdenek"]
[Black "Lacko, Jan"]
[Result "1/2-1/2"]
[WhiteElo "2190"]
[BlackElo "2231"]
[PlyCount "20"]
[EventDate "2004.10.19"]

1. e4 c5 2. Nf3 d6 3. Bb5+ Bd7 4. Bxd7+ Nxd7 5. O-O g6 6. c3 Ngf6 7. Re1 Bg7 8.
d4 cxd4 9. cxd4 O-O 10. Nc3 Nb6 1/2-1/2

[Event "2.ligaD04/05-1"]
[Site "?"]
[Date "????.??.??"]
[Round "?"]
[White "Macharacek, Simon"]
[Black "Dvorak, Libor"]
[Result "0-1"]
[WhiteElo "2209"]
[BlackElo "2021"]
[PlyCount "80"]
[EventDate "2004.10.19"]

1. e4 c5 2. Nf3 d6 3. d4 cxd4 4. Nxd4 Nf6 5. Nc3 g6 6. Be2 Bg7 7. O-O O-O 8.
Nb3 Nc6 9. Be3 Be6 10. f4 Na5 11. Nxa5 Qxa5 12. Bf3 Rac8 13. Nd5 Nxd5 14. exd5
Bf5 15. c3 b5 16. Qd2 Rc4 17. Be2 Rc7 18. Bd4 Bxd4+ 19. Qxd4 Qa4 20. Rfd1 Rb8
21. g4 Be4 22. Qe3 f5 23. Rd4 Qc2 24. Rd2 Qa4 25. h4 b4 26. c4 Qa5 27. Kh2 Qc5
28. Qg3 e5 29. fxe5 dxe5 30. gxf5 Rf7 31. Bg4 Bxf5 32. Qxe5 Rbf8 33. Bxf5 Rxf5
34. Qe6+ Kg7 35. Rg2 Qxc4 36. Rd1 Qxh4+ 37. Kg1 Rh5 38. Qd7+ Rf7 39. Qxf7+ Kxf7
40. d6 Qh1+ 0-1

[Event "2.ligaD04/05-1"]
[Site "?"]
[Date "????.??.??"]
[Round "?"]
[White "Fojtach, Ivan"]
[Black "Bures, Vit"]
[Result "0-1"]
[WhiteElo "2045"]
[BlackElo "2192"]
[PlyCount "54"]
[EventDate "2004.10.19"]

1. Nf3 Nf6 2. c4 g6 3. d4 Bg7 4. Nc3 d5 5. cxd5 Nxd5 6. e4 Nxc3 7. bxc3 O-O 8.
h3 c5 9. Be2 Nc6 10. Be3 cxd4 11. cxd4 Qa5+ 12. Bd2 Qa3 13. Bc1 Qc3+ 14. Bd2
Qb2 15. Rb1 Qxa2 16. d5 Ne5 17. Nxe5 Bxe5 18. O-O Rd8 19. Rb4 e6 20. Bc4 Qa3
21. Qb1 b6 22. Bg5 Rd6 23. Rd1 Bb7 24. f4 Bc3 25. Rb5 a6 26. Be7 axb5 27. Bxd6
Qxd6 0-1

[Event "2.ligaD04/05-1"]
[Site "?"]
[Date "????.??.??"]
[Round "?"]
[White "Nepomucky, Ondrej"]
[Black "Skrenek, Jiri"]
[Result "1-0"]
[WhiteElo "2215"]
[BlackElo "2046"]
[PlyCount "87"]
[EventDate "2004.10.19"]

1. e4 c5 2. Nf3 Nc6 3. c3 d6 4. d4 cxd4 5. cxd4 Bg4 6. d5 Nb8 7. h3 Bd7 8. Nc3
Nf6 9. Qb3 b6 10. Be3 e5 11. dxe6 Bxe6 12. Bc4 Bxc4 13. Qxc4 Nbd7 14. Rd1 Rc8
15. Qa4 Qc7 16. O-O Be7 17. Rc1 Qb7 18. Nd5 Rxc1 19. Rxc1 Nxd5 20. exd5 O-O 21.
Qc6 Qxc6 22. Rxc6 Nf6 23. Rc7 Nxd5 24. Rxa7 Bf6 25. Bd4 Rc8 26. Bxf6 Nxf6 27.
Rb7 Nd5 28. Rd7 Kf8 29. Rxd6 Rc5 30. Nd4 Rc1+ 31. Kh2 Nb4 32. a3 Na2 33. Rxb6
g6 34. Kg3 Ke7 35. Kf3 Rd1 36. Ne2 h5 37. Ke3 g5 38. Rc6 f5 39. Rc2 Ke6 40. f4
g4 41. h4 Rh1 42. b4 Ra1 43. b5 Kd5 44. Rxa2 1-0

[Event "2.ligaD04/05-1"]
[Site "?"]
[Date "????.??.??"]
[Round "?"]
[White "Mudra, Tomas"]
[Black "Petlak, Josef"]
[Result "0-1"]
[WhiteElo "2075"]
[BlackElo "2031"]
[PlyCount "54"]
[EventDate "2004.10.19"]

1. c4 Nf6 2. Nc3 c6 3. e4 d5 4. e5 d4 5. exf6 dxc3 6. bxc3 exf6 7. d4 Bd6 8.
Bd3 O-O 9. Ne2 Re8 10. O-O Bg4 11. f3 Bh5 12. c5 Bc7 13. Nf4 Bg6 14. Nxg6 hxg6
15. Qb3 Qd7 16. f4 b6 17. cxb6 Bxb6 18. Bxg6 c5 19. Ba3 cxd4 20. Rae1 Nc6 21.
Bh5 Na5 22. Qb4 dxc3+ 23. Kh1 c2 24. Be2 Rad8 25. Bc1 Nc6 26. Qa4 Ba5 27. Qxc2
Nd4 0-1

[Event "2.ligaD04/05-1"]
[Site "?"]
[Date "????.??.??"]
[Round "?"]
[White "Jelen, Jiri"]
[Black "Tomes, Zdenek"]
[Result "0-1"]
[WhiteElo "1957"]
[BlackElo "2131"]
[PlyCount "80"]
[EventDate "2004.10.19"]

1. Nf3 Nf6 2. g3 g6 3. Bg2 Bg7 4. c4 O-O 5. O-O d6 6. Nc3 e5 7. d3 Nc6 8. h3
Nh5 9. Nd5 f5 10. Kh2 f4 11. g4 Nf6 12. Nxf6+ Qxf6 13. Nd2 h5 14. gxh5 gxh5 15.
e3 Qf5 16. Bd5+ Kh8 17. Qf3 fxe3 18. fxe3 Qxf3 19. Nxf3 Nb4 20. Be4 Bf5 21. Bd2
Bxe4 22. dxe4 Nd3 23. Nh4 Rf6 24. Nf5 Nxb2 25. Rg1 Nxc4 26. Be1 Rxf5 27. exf5
Nxe3 28. Rg5 Rf8 29. Rxh5+ Kg8 30. Bf2 Rxf5 31. Rxf5 Nxf5 32. Bxa7 e4 33. Rb1
b6 34. Bb8 Be5+ 35. Kg2 c5 36. Rxb6 c4 37. Rc6 c3 38. Kf2 e3+ 39. Ke1 Bg3+ 40.
Kd1 Nd4 0-1

[Event "2.ligaD04/05-1"]
[Site "?"]
[Date "????.??.??"]
[Round "?"]
[White "Fuchs, Ludek"]
[Black "Mucha, Karel"]
[Result "1-0"]
[WhiteElo "2098"]
[BlackElo "1940"]
[PlyCount "53"]
[EventDate "2004.10.19"]

1. d4 Nf6 2. c4 g6 3. Nc3 Bg7 4. e4 d6 5. f3 Nbd7 6. Be3 e5 7. d5 Nh5 8. Qd2 f5
9. O-O-O Ndf6 10. Nge2 O-O 11. Bg5 Qd7 12. Ng3 a6 13. Bd3 f4 14. Nge2 Ne8 15.
Bh4 c5 16. dxc6 bxc6 17. Bc2 Qf7 18. Ba4 Qc7 19. c5 dxc5 20. Bb3+ Kh8 21. Na4
Nhf6 22. Nxc5 Qe7 23. Bf2 Nc7 24. Qd6 Re8 25. Qxe7 Rxe7 26. Rd6 Bf8 27. Rxf6
1-0

[Event "2.ligaD04/05-1"]
[Site "?"]
[Date "2004.10.17"]
[Round "1"]
[White "Hladik, Josef"]
[Black "Tuma, Jiri"]
[Result "1/2-1/2"]
[WhiteElo "2216"]
[BlackElo "2217"]
[PlyCount "94"]
[EventDate "2004.10.19"]

1. Nf3 d5 2. g3 c6 3. Bg2 Nf6 4. O-O Nbd7 5. d4 e6 6. b3 Bd6 7. Bb2 Qe7 8. c4
O-O 9. Nc3 b6 10. Rc1 Bb7 11. cxd5 exd5 12. Nh4 g6 13. Qc2 Ba3 14. Rfd1 Rfe8
15. e3 Nf8 16. Nf3 N6d7 17. Ne1 h5 18. h4 Nf6 19. Nd3 Bd6 20. Nf4 Ne6 21. Nd3
Ng7 22. Ne2 Ng4 23. Nef4 Nf5 24. Re1 Nxh4 25. gxh4 Qxh4 26. Nh3 Re6 27. Ndf4
Rf6 28. f3 g5 29. Nxh5 Qxh5 30. fxg4 Qxg4 31. Rf1 Rxf1+ 32. Rxf1 Qg3 33. Qf5
Qh2+ 34. Kf2 Qg3+ 35. Kg1 Qh2+ 36. Kf2 Qg3+ 37. Kg1 Qh2+ 38. Kf2 Bg3+ 39. Kf3
Bh4 40. Qe5 g4+ 41. Kxg4 Qxg2+ 42. Kxh4 Qxf1 43. Qg5+ Kh7 44. Qh5+ Kg7 45. Qg5+
Kh7 46. Qh5+ Kg7 47. Qg5+ Kh7 {(R. 1.51-2.40)} 1/2-1/2

[Event "2.ligaD04/05-1"]
[Site "?"]
[Date "2004.10.17"]
[Round "1"]
[White "Senkyr, Vladimir"]
[Black "Uhmann, Jan"]
[Result "1-0"]
[WhiteElo "2149"]
[BlackElo "2233"]
[PlyCount "113"]
[EventDate "2004.10.19"]

1. Nf3 d5 2. d4 Nf6 3. e3 e6 4. Bd3 Nbd7 5. O-O Be7 6. b3 b6 7. Bb2 Bb7 8. Nbd2
O-O 9. Qe2 a6 10. a4 Ne4 11. c4 f5 12. Ne5 Nxe5 13. dxe5 Nxd2 14. Qxd2 dxc4 15.
bxc4 Qd7 16. Qe2 Rfd8 17. Rfd1 Qc6 18. f3 Bc5 19. Kh1 Rd7 20. Bc2 Rad8 21. Rxd7
Qxd7 22. Rd1 Qe8 23. Bd4 Bb4 24. Bb3 c5 25. Bb2 Bc6 26. Kg1 Rd7 27. Rd6 Rxd6
28. exd6 Bxa4 29. Bxa4 Qxa4 30. Qd3 Qd7 31. Be5 b5 32. e4 f4 33. Bxf4 Ba5 34.
Qa3 Qd8 35. Kf1 bxc4 36. Qxc5 c3 37. Qc4 Kf7 38. Ke2 Qb6 39. Qc7+ Kg6 40. Kd3
Qb5+ 41. Qc4 Qb1+ 42. Kd4 Bb6+ 43. Ke5 Qb5+ 44. Qxb5 axb5 45. Kxe6 b4 46. Be5
Ba5 47. d7 Bd8 48. f4 Kh5 49. h3 c2 50. Bb2 b3 51. f5 Ba5 52. e5 Bc7 53. g4+
Kg5 54. Bc1+ Kh4 55. f6 gxf6 56. exf6 Bf4 57. Bb2 {(2.40-1.45)} 1-0

[Event "2.ligaD04/05-1"]
[Site "?"]
[Date "2004.10.17"]
[Round "1"]
[White "Svehla, Karel"]
[Black "Jurek, Miroslav"]
[Result "0-1"]
[WhiteElo "2151"]
[BlackElo "2127"]
[PlyCount "54"]
[EventDate "2004.10.19"]

1. e4 c6 2. d4 d5 3. exd5 cxd5 4. c3 Nc6 5. Bf4 Nf6 6. Nd2 Bg4 7. Qb3 Qc8 8. h3
Bd7 9. Ngf3 Na5 10. Qc2 g6 11. Ne5 Bg7 12. Bd3 O-O 13. Ndf3 Bf5 14. Bxf5 Qxf5
15. Qxf5 gxf5 16. b4 Nc4 17. Nxc4 dxc4 18. Be5 Ne4 19. Bxg7 Kxg7 20. Rc1 b5 21.
Nd2 a5 22. a3 axb4 23. axb4 Nxc3 24. Rxc3 Ra1+ 25. Ke2 Rxh1 26. Re3 e6 27. Re5
c3 {(0.33-1.11)} 0-1

[Event "2.ligaD04/05-1"]
[Site "?"]
[Date "2004.10.17"]
[Round "1"]
[White "Belousek, Michal"]
[Black "Bakos, Eduard"]
[Result "1/2-1/2"]
[WhiteElo "2146"]
[BlackElo "2119"]
[PlyCount "45"]
[EventDate "2004.10.19"]

1. d4 Nf6 2. Nf3 g6 3. Bg5 Bg7 4. Nbd2 d5 5. e3 Bg4 6. Be2 Nbd7 7. O-O O-O 8.
h3 Bxf3 9. Bxf3 c6 10. c4 e6 11. cxd5 cxd5 12. Nb3 Qb6 13. Rc1 Rac8 14. Rc2 Rc6
15. Rxc6 Qxc6 16. Qd3 Qa4 17. Qc3 Nb6 18. Rc1 h6 19. Bxf6 Bxf6 20. Qa5 Bd8 21.
Qxa4 Nxa4 22. Nc5 Nxc5 23. Rxc5 {(R. 1.40-1.10)} 1/2-1/2

[Event "2.ligaD04/05-1"]
[Site "?"]
[Date "2004.10.17"]
[Round "1"]
[White "Stefl, Vladimir"]
[Black "Jelinek, Vaclav"]
[Result "1/2-1/2"]
[WhiteElo "2135"]
[BlackElo "2131"]
[PlyCount "35"]
[EventDate "2004.10.19"]

1. e4 g6 2. d4 Bg7 3. Nf3 d6 4. Nc3 Nf6 5. h3 O-O 6. Be3 c6 7. a4 Na6 8. Be2
Nc7 9. O-O a6 10. a5 Nb5 11. Bd3 Nd7 12. Qd2 Re8 13. Ne2 e5 14. c3 d5 15. dxe5
Nxe5 16. Nxe5 Bxe5 17. exd5 cxd5 18. Rfd1 {(1.05-1.40)} 1/2-1/2

[Event "2.ligaD04/05-1"]
[Site "?"]
[Date "2004.10.17"]
[Round "1"]
[White "Motacek, Vladimir"]
[Black "Cip, Dalibor"]
[Result "1/2-1/2"]
[WhiteElo "2061"]
[BlackElo "2210"]
[PlyCount "30"]
[EventDate "2004.10.19"]

1. e4 c5 2. Nc3 e6 3. g3 d5 4. exd5 exd5 5. d4 Nc6 6. dxc5 d4 7. Nb5 Bxc5 8.
Bf4 Bb6 9. Nd6+ Kf8 10. Bc4 Be6 11. Nf3 Bxc4 12. Nxc4 Qd5 13. Bd6+ Nge7 14.
Nxb6 axb6 15. Bxe7+ Kxe7 {(1.25-1.00)} 1/2-1/2